📖 150 premiers mots "Le petit Nicolas" Sempé. Goscinny - Statistiques

Statistiques générales
  • Ce quiz a Ă©tĂ© pris 85 fois
  • Le rĂ©sultat moyen est 97 sur 150
Statistiques - réponses
Mots % Correct
l'
100%
Ă 
95%
a
95%
C'
95%
Le
95%
s'
92%
de
91%
qu'
91%
est
89%
la
89%
lĂ 
89%
lĂ ,
89%
qui
89%
et
88%
il
88%
Elle
86%
en
86%
les
86%
Ce
85%
école
85%
que
85%
un
85%
je
83%
nous
82%
une
82%
dit
80%
maîtresse.
80%
maîtresse
80%
matin,
76%
on
76%
dans
74%
lui
74%
sommes
73%
tous
73%
Tous
73%
papa
71%
son
67%
avec
65%
pour
65%
classe
64%
sur
64%
comme
62%
était
62%
faire
62%
suis
62%
très
62%
cour
61%
toute
59%
récréation.
58%
Geoffroy
56%
va
56%
copains
53%
notre
53%
bien
50%
souvenir
50%
étaient
48%
train
48%
veut.
48%
parce
47%
riche
47%
vie,
45%
allons
44%
fallait
44%
achète
42%
ĂŞtre
42%
photo
42%
aussi
41%
aussi,
41%
habillé
41%
jouets
41%
sera
41%
arrivés
39%
chérir
39%
venu
38%
prendre
33%
photographe
32%
appareil
30%
disait
30%
gronder
30%
déjà
29%
voulait
26%
entré
24%
tĂŞte
21%
venir
21%
contents,
20%
coiffés.
18%
plein
18%
allions
15%
irait.
15%
propres
15%
sinon
14%
sinon,
14%
vite,
14%
brillantine
8%
martien.
6%
martien
6%
photographié
6%
absolument
5%
rater ...
3%
Aucun quiz correspondant
Distribution des résultats
% des personnes avec chaque résultat
Percentile par nombre de réponses
Votre historique - résultats
Vous n’avez pas pris ce quiz